Statistics for Accountants and Administrators (Record no. 1117)

MARC details
005 - DATE AND TIME OF LATEST TRANSACTION
control field 20250403151843.0
020 ## - INTERNATIONAL STANDARD BOOK NUMBER
International Standard Book Number 85258 138 6
082 ## - DEWEY DECIMAL CLASSIFICATION NUMBER
Classification number 519. 092 BRO
100 ## - MAIN ENTRY--PERSONAL NAME
Author name BROCKINGTON, R.
245 ## - TITLE STATEMENT
Title Statistics for Accountants and Administrators
250 ## - EDITION STATEMENT
Edition statement 2nd Ed.
260 ## - PUBLICATION, DISTRIBUTION, ETC.
Place of publication, distribution, etc. London,
Name of publisher, distributor, etc. Gee and Co Limited,
Date of publication, distribution, etc. 1974.
300 ## - PHYSICAL DESCRIPTION
Extent 175p.: ill.; chart, figure, graph, map, table.
Other physical details Index.
Dimensions 22cm.
942 ## - ADDED ENTRY ELEMENTS (KOHA)
Source of classification or shelving scheme Dewey Decimal Classification
Koha item type Books
Holdings
Date last seen Total checkouts Full call number Barcode Cost, replacement price Price effective from Koha item type Lost status Source of classification or shelving scheme Damaged status Not for loan Withdrawn status Home library Current library Shelving location Date acquired Cost, normal purchase price
04/03/2025   519.092 BRO 0000004231 30000.00 04/03/2025 Books   Dewey Decimal Classification       College of Business Education Main Library College of Business Education Main Library General Collection 04/03/2025 10000.00
04/05/2025   519.092 BRO 0000004613 30000.00 04/05/2025 Books   Dewey Decimal Classification       College of Business Education Main Library College of Business Education Main Library General Collection 04/05/2025 10000.00